000
00331nam a2200157Ia 4500
003
OSt
005
20231120063357.0
008
170524s9999 xx 000 0 und d
020
_a
1-85076-956-7
040
_c
IIMT
100
_a
Spieles-Marlena
245
0
_a
Olia di oliva
260
_b
Apple
260
_c
1998
942
_2
ddc
_c
02
999
_c
7076
_d
7076